[Event "CZE-chT2A 0809"]
[Site "Czech Republic"]
[Date "2008.12.07"]
[Round "4.1"]
[White "Trmal, Jaroslav"]
[Black "Burdik, Lubomir"]
[Result "1/2-1/2"]
[WhiteElo "2286"]
[BlackElo "2262"]
[PlyCount "74"]
[EventDate "2008.10.12"]
[EventType "team-tourn"]
[EventRounds "11"]
[EventCountry "CZE"]
[SourceTitle "EXT 2010"]
[Source "ChessBase"]
[SourceDate "2010.11.25"]
[SourceVersion "1"]
[SourceVersionDate "2010.11.25"]
[SourceQuality "1"]
[WhiteTeam "Pribram Pyrit"]
[BlackTeam "Zizkov"]
[WhiteTeamCountry "CZE"]
[BlackTeamCountry "CZE"]

1. d4 d5 2. c4 e6 3. Nc3 c6 4. e3 Nf6 5. Nf3 Nbd7 6. Qc2 Bd6 7. Be2 0-0 8. 0-0 Qe7 9. e4 Nxe4 10. Nxe4 dxe4 11. Qxe4 e5 12. Bg5 f6 13. Bd3 g6 14. c5 exd4 15. cxd6 Qxe4 16. Bxe4 fxg5 17. Rad1 g4 18. Nxd4 Nf6 19. Bc2 Re8 20. Bb3+ Kg7 21. Rfe1 Bd7 22. Be6 Rad8 23. Kf1 c5 24. Bxd7 Rxe1+ 25. Kxe1 cxd4 26. Bb5 a6 27. Bd3 Rxd6 28. Rc1 Rd7 29. Kd2 Nd5 30. Be2 h5 31. f3 Nf4 32. fxg4 Nxe2 33. Kxe2 hxg4 34. Kd3 Kf6 35. Rf1+ Ke5 36. Re1+ Kf5 37. Rf1+ Ke5 1/2-1/2

[Event "CZE-chT2A 0809"]
[Site "Czech Republic"]
[Date "2008.11.09"]
[Round "2.1"]
[White "Burdik, Lubomir"]
[Black "Havlik, Jan"]
[Result "1/2-1/2"]
[WhiteElo "2262"]
[BlackElo "2282"]
[PlyCount "65"]
[EventDate "2008.10.12"]
[EventType "team-tourn"]
[EventRounds "11"]
[EventCountry "CZE"]
[SourceTitle "EXT 2010"]
[Source "ChessBase"]
[SourceDate "2010.11.25"]
[SourceVersion "1"]
[SourceVersionDate "2010.11.25"]
[SourceQuality "1"]
[WhiteTeam "Zizkov"]
[BlackTeam "Ceske Budejovice"]
[WhiteTeamCountry "CZE"]
[BlackTeamCountry "CZE"]

1. d4 Nf6 2. c4 g6 3. Nc3 Bg7 4. e4 d6 5. Be2 0-0 6. Bg5 h6 7. Be3 e5 8. d5 Nbd7 9. h4 Nc5 10. Qc2 a5 11. h5 g5 12. f3 Ne8 13. g4 Bd7 14. Nh3 b6 15. Nf2 c6 16. 0-0 Nc7 17. b3 cxd5 18. cxd5 Qb8 19. a3 Rc8 20. Qb2 b5 21. b4 axb4 22. Qxb4 N7a6 23. Qb2 Na4 24. Nxa4 bxa4 25. Qxb8 Rcxb8 26. Bxa6 Rxa6 27. Rfb1 Rb3 28. Nd1 Bf6 29. Rxb3 axb3 30. Nb2 Bd8 31. a4 Ba5 32. Ra3 Bc3 33. Rxb3 1/2-1/2

[Event "Tatry op"]
[Site "Tatranske Zruby"]
[Date "2008.10.02"]
[Round "7"]
[White "Csiba, Peter"]
[Black "Burdik, Lubomir"]
[Result "0-1"]
[WhiteElo "2041"]
[BlackElo "2262"]
[PlyCount "48"]
[EventDate "2008.09.27"]
[EventType "swiss"]
[EventRounds "9"]
[EventCountry "SVK"]
[SourceTitle "CBM 126 Extra"]
[Source "ChessBase"]
[SourceDate "2008.11.05"]
[SourceVersion "1"]
[SourceVersionDate "2008.11.05"]
[SourceQuality "1"]

1. Nf3 Nf6 2. c4 e6 3. g3 d5 4. Bg2 Be7 5. 0-0 0-0 6. b3 c6 7. d3 b6 8. Bb2 Bb7 9. Nbd2 c5 10. Ne5 Nfd7 11. d4 cxd4 12. Nxd7 Qxd7 13. cxd5 Bxd5 14. Nf3 Nc6 15. Nxd4 Bxg2 16. Kxg2 Bf6 17. e3 Rfd8 18. Qf3 Nxd4 19. Bxd4 e5 20. Bb2 Qd2 21. Bc1 Qc3 22. Ba3 Qa5 23. Bb2 e4 24. Qe2 Rd2 0-1

[Event "Tatry op"]
[Site "Tatranske Zruby"]
[Date "2008.09.30"]
[Round "5"]
[White "Soukup, Vaclav"]
[Black "Burdik, Lubomir"]
[Result "1/2-1/2"]
[WhiteElo "2130"]
[BlackElo "2262"]
[PlyCount "29"]
[EventDate "2008.09.27"]
[EventType "swiss"]
[EventRounds "9"]
[EventCountry "SVK"]
[SourceTitle "CBM 126 Extra"]
[Source "ChessBase"]
[SourceDate "2008.11.05"]
[SourceVersion "1"]
[SourceVersionDate "2008.11.05"]
[SourceQuality "1"]

1. d4 d5 2. c4 c6 3. Nf3 Nf6 4. cxd5 cxd5 5. Nc3 Nc6 6. Bf4 Bf5 7. e3 e6 8. Bd3 Bxd3 9. Qxd3 Bd6 10. Bxd6 Qxd6 11. 0-0 0-0 12. Rfc1 a6 13. Na4 Ne4 14. a3 Rfe8 15. b4 1/2-1/2

[Event "Tatry op"]
[Site "Tatranske Zruby"]
[Date "2007.09.28"]
[Round "8"]
[White "Burdik, Lubomir"]
[Black "De Verdier, Michael Carl Adam"]
[Result "1/2-1/2"]
[WhiteElo "2250"]
[BlackElo "2113"]
[PlyCount "92"]
[EventDate "2007.09.22"]
[EventType "swiss"]
[EventRounds "9"]
[EventCountry "SVK"]
[SourceTitle "CBM 120 Extra"]
[Source "ChessBase"]
[SourceDate "2007.11.01"]
[SourceVersion "1"]
[SourceVersionDate "2007.11.01"]
[SourceQuality "1"]

1. d4 Nf6 2. c4 e6 3. g3 d5 4. Nf3 Be7 5. Bg2 0-0 6. 0-0 dxc4 7. Qc2 a6 8. Qxc4 b5 9. Qc2 Bb7 10. Bd2 Ra7 11. a3 Be4 12. Qc1 Nc6 13. e3 Qa8 14. Bc3 b4 15. axb4 Nxb4 16. Nbd2 Bd5 17. Ne1 Bxg2 18. Nxg2 Rc8 19. Qd1 Nbd5 20. Ra5 c5 21. Qe2 Nxc3 22. bxc3 cxd4 23. cxd4 Bb4 24. Ra2 Nd5 25. Qd3 Bc3 26. Ra4 Nb4 27. Qe2 Qc6 28. Ra5 Bxd2 29. Rc5 Qd7 30. Rxc8+ Qxc8 31. Qxd2 a5 32. Nf4 Qb8 33. Rb1 Rb7 34. Qb2 Rb6 35. Qc3 h6 36. Qc5 Nd5 37. Rxb6 Qxb6 38. Nxd5 Qb1+ 39. Kg2 Qe4+ 40. f3 Qxd5 41. Qc8+ Kh7 42. Qc2+ Qf5 43. e4 Qb5 44. d5 exd5 45. exd5+ g6 46. d6 a4 1/2-1/2

[Event "Tatry op"]
[Site "Tatranske Zruby"]
[Date "2007.09.27"]
[Round "7"]
[White "Garancovsky, Pavol"]
[Black "Burdik, Lubomir"]
[Result "1/2-1/2"]
[WhiteElo "2139"]
[BlackElo "2250"]
[PlyCount "116"]
[EventDate "2007.09.22"]
[EventType "swiss"]
[EventRounds "9"]
[EventCountry "SVK"]
[SourceTitle "CBM 120 Extra"]
[Source "ChessBase"]
[SourceDate "2007.11.01"]
[SourceVersion "1"]
[SourceVersionDate "2007.11.01"]
[SourceQuality "1"]

1. d4 d5 2. Nf3 Nf6 3. c4 dxc4 4. e3 e6 5. Bxc4 c5 6. 0-0 a6 7. Ne5 b5 8. Qf3 Ra7 9. Be2 Be7 10. a4 b4 11. Qg3 0-0 12. Rd1 Qc7 13. Nd2 Nbd7 14. Ndc4 Rd8 15. Bd2 Ne4 16. Qf4 Ndf6 17. Be1 Bb7 18. h4 cxd4 19. exd4 Bd5 20. Rac1 Qb8 21. Qe3 a5 22. f3 Nd6 23. Nxd6 Bxd6 24. Bb5 Rc8 25. Qg5 Rac7 26. Rxc7 Rxc7 27. Rc1 h6 28. Qd2 Rxc1 29. Qxc1 Bxe5 30. dxe5 Qxe5 31. Bf2 g5 32. hxg5 hxg5 33. Qe3 Qxe3 34. Bxe3 g4 35. Bb6 gxf3 36. gxf3 Bxf3 37. Bxa5 b3 38. Bd8 Nd5 39. Bc6 Be2 40. Bb5 Bf3 41. Bc4 Nb4 42. Bxb3 Nd3 43. Bf6 e5 44. a5 Kf8 45. a6 Bc6 46. a7 e4 47. Ba4 Bb7 48. Kf1 Nc5 49. Bb5 Nd3 50. Kg1 Nf4 51. b4 Nd5 52. Ba6 Ba8 53. Bd4 Ke7 54. Bc4 Kd6 55. Bc5+ Kc7 56. Kf2 Nxb4 57. Bxb4 Kb6 58. Bxf7 Kxa7 1/2-1/2

[Event "Tatry op"]
[Site "Tatranske Zruby"]
[Date "2007.09.24"]
[Round "4"]
[White "Burdik, Lubomir"]
[Black "Dobrovolsky, Ladislav"]
[Result "1/2-1/2"]
[WhiteElo "2250"]
[BlackElo "2382"]
[PlyCount "70"]
[EventDate "2007.09.22"]
[EventType "swiss"]
[EventRounds "9"]
[EventCountry "SVK"]
[SourceTitle "CBM 120 Extra"]
[Source "ChessBase"]
[SourceDate "2007.11.01"]
[SourceVersion "1"]
[SourceVersionDate "2007.11.01"]
[SourceQuality "1"]

1. d4 Nf6 2. c4 d6 3. Nc3 Nbd7 4. e4 e5 5. Nf3 g6 6. h3 Bg7 7. Bg5 h6 8. Be3 0-0 9. Qd2 Kh7 10. d5 Nc5 11. Qc2 a5 12. g4 Ne8 13. Bxc5 dxc5 14. Bd3 Qf6 15. Qe2 Qf4 16. Qe3 Qxe3+ 17. fxe3 Nd6 18. Ke2 f5 19. gxf5 gxf5 20. Rag1 f4 21. exf4 Rxf4 22. Ke3 Rf7 23. Ne2 Bh8 24. Ng3 Bd7 25. Nh4 Bf6 26. Nhf5 Bg5+ 27. Ke2 Re8 28. h4 Bf4 29. Nxd6 cxd6 30. Nh5 Ref8 31. Rg2 Be8 32. Rhg1 Re7 33. Ng7 Bd7 34. Bc2 Bh2 35. Nf5 Bxg1 1/2-1/2

[Event "CZE-chT2a 0405"]
[Site "Czech Republic"]
[Date "2005.04.10"]
[Round "11.5"]
[White "Trmal, Jaroslav"]
[Black "Burdik, Lubomir"]
[Result "1/2-1/2"]
[WhiteElo "2272"]
[BlackElo "2150"]
[PlyCount "49"]
[EventDate "2004.10.17"]
[EventType "team"]
[EventRounds "11"]
[EventCountry "CZE"]
[SourceTitle "EXT 2007"]
[Source "ChessBase"]
[SourceDate "2006.11.23"]
[SourceVersion "1"]
[SourceVersionDate "2006.11.23"]
[SourceQuality "1"]
[WhiteTeam "Pribram"]
[BlackTeam "Zizkov"]
[WhiteTeamCountry "CZE"]
[BlackTeamCountry "CZE"]

1. d4 d6 2. e4 Nf6 3. Nc3 g6 4. f4 Bg7 5. Nf3 0-0 6. Bd3 Na6 7. 0-0 c5 8. d5 Bg4 9. Bxa6 bxa6 10. h3 Bxf3 11. Qxf3 Rb8 12. Rb1 e6 13. dxe6 fxe6 14. Qd3 Qb6 15. Qc4 Rfe8 16. Be3 Qc6 17. b4 Nd7 18. bxc5 Rbc8 19. f5 gxf5 20. exf5 d5 21. Qg4 Kh8 22. Bd4 e5 23. Bf2 Nf6 24. Qa4 d4 25. Qxc6 1/2-1/2